| 000 | 00419nam a2200157Ia 4500 | ||
|---|---|---|---|
| 008 | 210210b1990 xxu||||| |||| 00| 0 eng d | ||
| 082 | _a541.3 S0NT | ||
| 100 | _aSONI (P L) & DHARMARHA (O P). | ||
| 245 | _aText book of physical chemistry. Ed 17. | ||
| 250 | _a | ||
| 260 |
_aN D _bSultan Chand & Sons _c1990 |
||
| 300 | _axxi,2.524 | ||
| 650 | _aPhysical Chemistry | ||
| 690 | _aPhysical Chemistry | ||
| 906 | _a043936 | ||
| 999 |
_c93485 _d93485 |
||